• 首页
  • 本馆介绍
  • 公告通知
  • 最新文献
  • 馆藏检索
  • 电子资源
  • 读者导购
  • 参考咨询
  • 我的图书馆
  • 登录
  • 详细信息显示
  • 放入我的书架
  • 预约/预借图书
  • 作者相关作品
  • 分类相关作品
  • 丛书相关作品
  • 出版社相关作品

书目信息

  • 表格格式
  • 工作单格式
  • 卡片格式
题名:
变分法
    
 
作者: 艾利斯哥尔兹 著 ;李世晋 译
分册:  
出版信息: 北京   人民教育出版社  1958
页数: 150页
开本: 20cm
丛书名:
单 册:
中图分类: O176
科图分类:
主题词: 变分法
电子资源:
ISBN:
000 00718nam0 2200253 45
001 0187008133
005 20060428083926.29
010    @dCNY0.44
100    @a19900808d1958 em y0chiy0121 ea
101 0  @achi@crus
102    @aCN@b110000
105    @ay z 000yy
200 10 @a变分法@Abian fen fa@f(苏)Л·З·艾利斯哥尔兹著@F(su)Л·З·ai li si ge er zi zhu@g李世晋译@Gli shi jin yi
205    @a新1版
210    @a北京@c人民教育出版社@d1958
215    @a150页@d20cm
300    @a高等学校教材参考书
606    @a变分法
690    @aO176@v3
701  0 @a艾利斯哥尔兹@Aai li si ge er zi@4著
702  0 @a李世晋@Ali shi jin@4译
801  2 @aCN@bNLC@c20060428
801  0 @aCN@bTSSF
905    @a10447@dO176@e9
    
    变分法/(苏)Л·З·艾利斯哥尔兹著/李世晋译.-新1版.-北京:人民教育出版社,1958
    150页;20cm
    高等学校教材参考书
    
    ISBN :CNY0.44
    
●
相关链接 在E读中查询图书 在五车中查询图书 在当当中查询图书 在豆瓣中查询图书


正题名:变分法     索取号:O176/9         预约/预借

序号 登录号 条形码 馆藏地/架位号 状态 备注
1 0054494   202300321   密集书库/ [索取号:O176/9] 在馆    
2 0054495   202300367   密集书库/ [索取号:O176/9] 在馆    
3 0054496   202300330   密集书库/ [索取号:O176/9] 在馆    
4 0054497   202300296   密集书库/ [索取号:O176/9] 在馆    
5 0054498   001635145   第二样本阅览室/ [索取号:O176/9] 在馆    
唐山师范学院图书馆 欢迎您!
大连网信软件有限公司© 版权所有